01018cam a22003614i 4500003000900000005001700009008004100026020001500067035002700082040003300109082001800142100003100160245004600191264005100237300003800288336002100326337002500347338002300372504003900395505010400434526001000538526001000548526001000558526001000568526000800578526000800586526000800594526000800602526000800610526000800618526000800626650002200634PE-LiUPU20250731173537.0150616s r 000 0 d a0687272971 a(Sirsi) i9780687272976 aPE-LiUPUbspacPE-LiUPUerda04a253bS31M2211 aSchaller, Lyle E.,eautor.14aThe Multiple Staff and the Larger Church. 1aNashville, Tennessee :bAbingdon Press,c1980. a142 páginas ;c21 centímetros atext2rdacontent aunmediated2rdamedia avolume2rdacarrier aBibliografía: páginas 140-142.0 aThe large church.- Staffing the large church.- Models of staff relationships.- The senior minister. aSEG42 aSEG41 aSEG40 aSEG39 aP94 aP87 aP86 aP85 aP77 aP76 aP3504aGRANDES IGLESIAS.